00534nam a2200193 a 4500001001300000003000900013005001700022008004100039020002200080082001800102100002000120245006900140260003500209300000900244500003500253505001000288650002200298700002000320nice12345678IN_TiNIC20260116013806.0050524s1994 dela grp 000 0 eng  a8186142 c7500a954.025bIRV1 aIrvine, William aArmy of the Indian Moghulsb Its Organisation and Administration aDelhibD.K. Publicationsc1994 a324p aincludes index and biblioraphy2 aIndex aMughal India-Army1 aIrvine, William